| 000 | 00637nam a2200229Ia 4500 | ||
|---|---|---|---|
| 003 | OSt | ||
| 005 | 20220924130316.0 | ||
| 006 | a|||||r|||| 00| 0 | ||
| 007 | ta | ||
| 008 | 220923b |||||||| |||| 00| 0 per d | ||
| 024 | _a331724 | ||
| 037 | _cTextual | ||
| 040 |
_aARTS _cARTS _bper |
||
| 041 |
_2per _aper |
||
| 082 | _aV45, 164J5 | ||
| 100 |
_aShafaq Raza Zadah Au. _9199858 |
||
| 245 | 0 | _aIran az nazar khavir shanasan | |
| 260 |
_aTehran _bShirka nisbi Mohammad Hussain Iran _c1955 |
||
| 650 | _aIRAN - HISTORY | ||
| 942 |
_hV45, 164J5 _cTEXL _2CC |
||
| 999 |
_c424459 _d424459 |
||